000 00948nam a2200277 4500
001 386
003 OSt
005 20250408103924.0
008 250408b |||||||b |||| 00| 1 eng d
020 _a9788506035207
040 _bpor
041 _hpor
082 _aI 028.5
_bS444f
100 1 _aSecco, Patrícia Engel
_d1982-
245 _aA felicidade das borboletas /
_cSecco, Patrícia Engel ; Ilustração de Daniel Kondo
260 _aSão Paulo
_bMelhoramento
_c2014
300 _a15 p.
_bil.
520 _aMarcela tem nove anos e vai se apresentar, pela primeira vez, com a turma do balé. Ela é uma garota especial, pois é cega, mas mostra que para enxergar o mundo basta olhar as coisas com o coração.
650 0 _aLiteratura Brasileira
_9205
650 0 _aInfantil
_9535
650 0 _aFutebol
_9566
650 0 _aDiversidade
_9567
655 0 _aLivro Infantil
_9568
700 1 _aKondo, Daniel,
_d1971-
_9807
942 _2ddc
_n0
_cBK
999 _c386
_d386